00418nam a2200121Ia 4500003000400000005001700004008004100021040001800062041000800080100004100088245013200129260003500261OSt20260127093954.0211028s2017 xx 000 0 und d cAIMIT LIBRARY aeng aRaju, Melda; Dhananjaya, K.g1516085 aStudy on the factors influencing employee satisfaction and its effects towards loyalty in kallanode service co-operative bank / aMangalorebDhananjaya K.c2017